Macroeconomics (Record no. 4708)

MARC details
000 -CABECERA
campo de control de longitud fija 02052pam a2200325 i 4500
001 - NÚMERO DE CONTROL
campo de control 990227748960107026
003 - IDENTIFICADOR DEL NÚMERO DE CONTROL
campo de control UkOxU
005 - FECHA Y HORA DE LA ÚLTIMA TRANSACCIÓN
campo de control 20250602120550.0
008 - DATOS DE LONGITUD FIJA--INFORMACIÓN GENERAL
campo de control de longitud fija 200427s2021 enkab b 001 0 eng d
015 ## - NÚMERO DE BIBLIOGRAFÍA NACIONAL
Número de bibliografía nacional GBC075379
Fuente bnb
016 7# - NÚMERO DE CONTROL DE UNA AGENCIA BIBLIOGRÁFICA NACIONAL
Número de control del registro 019819108
Fuente Uk
020 ## - NÚMERO INTERNACIONAL ESTÁNDAR DEL LIBRO
Número Internacional Estándar del Libro 9781292351476
Información calificativa (paperback)
035 ## - NÚMERO DE CONTROL DEL SISTEMA
Número de control de sistema (UkOxU)022774896
035 ## - NÚMERO DE CONTROL DEL SISTEMA
Número de control de sistema (UkOxU)022774896BIB01
035 ## - NÚMERO DE CONTROL DEL SISTEMA
Número de control de sistema (OCoLC)1152061985
035 ## - NÚMERO DE CONTROL DEL SISTEMA
Número de control de sistema (Uk)019819108
040 ## - FUENTE DE LA CATALOGACIÓN
Centro catalogador/agencia de origen StDuBDS
Lengua de catalogación eng
Normas de descripción rda
Centro/agencia transcriptor StDuBDS
Centro/agencia modificador Uk
042 ## - CÓDIGO DE AUTENTICACIÓN
Código de autenticación ukblcatcopy
050 #4 - SIGNATURA TOPOGRÁFICA DE LA BIBLIOTECA DEL CONGRESO
Número de clasificación HB172.5
Número de documento/Ítem .B573 2021
100 ## - ENTRADA PRINCIPAL--NOMBRE DE PERSONA
Nombre de persona Blanchard, Olivier (Olivier J.)
Forma completa/desarrollada del nombre (Olivier J.),
Término indicativo de función/relación author.
245 10 - MENCIÓN DE TÍTULO
Título Macroeconomics
Mención de responsabilidad, etc. / Olivier Blanchard.
250 ## - MENCIÓN DE EDICIÓN
Mención de edición Eighth edition. Global edition.
264 #1 - PRODUCCIÓN, PUBLICACIÓN, DISTRIBUCIÓN, FABRICACIÓN Y COPYRIGHT
Producción, publicación, distribución, fabricación y copyright Harlow, Essex :
Nombre del de productor, editor, distribuidor, fabricante Pearson,
Fecha de producción, publicación, distribución, fabricación o copyright [2021]
300 ## - DESCRIPCIÓN FÍSICA
Extensión 539, A-16, G-10, I-9, C-1, S-1 pages :
Otras características físicas illustrations (black and white, and colour), 1 map (colour) ;
Dimensiones 26 cm
504 ## - NOTA DE BIBLIOGRAFÍA, ETC.
Nota de bibliografía, etc. Includes bibliographical references and index.
520 ## - SUMARIO, ETC.
Sumario, etc. In Macroeconomics, Blanchard presents an integrated, global view of macroeconomics, enabling students to see the connections between goods markets, financial markets, and labor markets worldwide. Organised into two parts, the text contains a core section that focuses on short-, medium-, and long-run markets and two major extensions that offer more in-depth coverage of the issues at hand. From the major economic crisis that engulfed the world in the late 2000s, to monetary policy in the US, to the problems of the Euro area, and growth in China, the text helps students make sense not only of current macroeconomic events but also of those that may unfold in the future. Integrated, detailed boxes in the 8th Edition have been updated to convey the life of macroeconomics today, reinforce lessons from the models, and help students employ and develop their analytical and evaluative skills.
650 #0 - PUNTO DE ACCESO ADICIONAL DE MATERIA--TÉRMINO DE MATERIA
Término de materia o nombre geográfico como elemento de entrada Macroeconomics
9 (RLIN) 620
856 ## - LOCALIZACIÓN Y ACCESO ELECTRÓNICOS
Identificador Uniforme del Recurso <a href="https://bookshelf.vitalsource.com/home/search/titles?q=macroeconomics">https://bookshelf.vitalsource.com/home/search/titles?q=macroeconomics</a>
Texto de enlace Macroeconomics, Enhanced Global Edition 8th Edition
942 ## - ELEMENTOS DE ENTRADA AGREGADA (KOHA)
Fuente del sistema de clasificación o colocación Clasificación Decimal Dewey
Holdings
Estado de retiro Estado de pérdida Fuente del sistema de clasificación o colocación Estado dañado No para préstamo Biblioteca de origen Biblioteca actual Fecha de adquisición Total de préstamos Fecha visto por última vez Número de copia Identificador Uniforme del Recurso Precio válido a partir de Tipo de ítem Koha Nota pública Signatura topográfica completa Código de barras
    Clasificación de Library of Congress     TBS Barcelona TBS Barcelona 02/06/2025   02/06/2025 1 https://bookshelf.vitalsource.com/home/search/titles?q=macroeconomics 02/06/2025 eBook Macroeconomics, Enhanced Global Edition 8th Edition    
    Clasificación de Library of Congress     TBS Barcelona TBS Barcelona 17/11/2025   17/11/2025 1   17/11/2025 Book   HB172.5 BLA B05635
    Clasificación de Library of Congress     TBS Barcelona TBS Barcelona 17/11/2025   17/11/2025 2   17/11/2025 Book   HB172.5 BLA B05634

Powered by Koha